[Event "Redbull chessmasters 2019"]
[Site "Istambul"]
[Date "2019.11.24"]
[Round "2.16"]
[White "Gur, Tuba"]
[Black "Yanik, Sural Emine"]
[Result "1-0"]
[WhiteElo "1782"]
[BlackElo "1834"]
[Annotator "NA"]
[PlyCount "69"]
[EventDate "2019.11.23"]
[EventType "k.o."]
[EventCountry "TUR"]
[SourceTitle "playchess.com"]
[Source "ChessBase"]
[SourceQuality "1"]
[TimeControl "600+5"]

1. Nf3 {[%emt 0:00:00]} d5 {[%emt 0:00:00]} 2. d4 {[%emt 0:00:00]} c6 {[%emt 0:00:01]} 3. e3 {[%emt 0:00:03]} Nf6 {[%emt 0:00:05]} 4. Bd3 {[%emt 0:00:00]} Bg4 {[%emt 0:00:06]} 5. O-O {[%emt 0:00:04]} e6 {[%emt 0:00:05]} 6. c4 {[%emt 0:00:05]} Bd6 {[%emt 0:00:00]} 7. Nbd2 {[%emt 0:00:33]} O-O {[%emt 0:00:02]} 8. Qb3 {[%emt 0:00:00]} Qb6 {[%emt 0:00:34]} 9. c5 {[%emt 0:00:04]} Qxb3 {[%emt 0:00:05]} 10. axb3 {[%emt 0:00:00]} Bc7 {[%emt 0:00:38]} 11. b4 {[%emt 0:00:00]} a6 {[%emt 0:01:00]} 12. b5 {[%emt 0:00:05]} cxb5 {[%emt 0:00:10]} 13. Bxb5 {[%emt 0:00:07]} Nc6 {[%emt 0:00:16]} 14. Bxc6 {[%emt 0:00:42]} bxc6 {[%emt 0:00:05]} 15. Nb3 {[%emt 0:00:19]} a5 {[%emt 0:01:01]} 16. Ra4 {[%emt 0:00:43]} Rfb8 {[%emt 0:00:06]} 17. Nbd2 {[%emt 0:01:44]} Bf5 {[%emt 0:00:19]} 18. b3 {[%emt 0:01:30]} Rb4 {[%emt 0:00:41]} 19. Ba3 {[%emt 0:00:34]} Rbb8 {[%emt 0:00:27]} 20. Ra1 {[%emt 0:00:19]} Bc2 {[%emt 0:00:25]} 21. Bb4 {[%emt 0:00:11]} h6 {[%emt 0:01:20]} 22. Bxa5 {[%emt 0:00:33]} Bxa5 {[%emt 0:00:41]} 23. Rxa5 {[%emt 0:00:05]} Rxa5 {[%emt 0:00:05]} 24. Rxa5 {[%emt 0:00:03]} Bxb3 {[%emt 0:00:13]} 25. Ra6 {[%emt 0:00:01]} Bc4 {[%emt 0:00:12]} 26. Rxc6 {[%emt 0:00:17]} Ne4 {[%emt 0:00:15]} 27. h3 {[%emt 0:00:06]} Rb2 {[%emt 0:00:22]} 28. Nxe4 {[%emt 0:00:10]} dxe4 {[%emt 0:00:05]} 29. Ne5 {[%emt 0:00:03]} Bd5 {[%emt 0:00:14]} 30. Rc8+ {[%emt 0:00:05]} Kh7 {[%emt 0:00:05]} 31. Nxf7 {[%emt 0:00:05]} Rb1+ {[%emt 0:00:05]} 32. Kh2 {[%emt 0:00:05]} Rc1 {[%emt 0:00:05]} 33. Rh8+ {[%emt 0:00:00]} Kg6 {[%emt 0:00:25]} 34. Ne5+ {[%emt 0:00:04]} Kf6 {[%emt 0:00:05]} 35. Rf8+ {[%emt 0:00:00]} 1-0

[Event "Redbull chessmasters 2019"]
[Site "Istambul"]
[Date "2019.11.24"]
[Round "3.1"]
[White "Ozenir, Ekin Baris"]
[Black "Gunduz, Umut Erdem"]
[Result "0-1"]
[WhiteElo "2274"]
[BlackElo "2172"]
[Annotator "NA"]
[PlyCount "55"]
[EventDate "2019.11.23"]
[EventType "k.o."]
[EventCountry "TUR"]
[SourceTitle "playchess.com"]
[Source "ChessBase"]
[SourceQuality "1"]
[TimeControl "600+5"]

1. d4 {[%emt 0:05:06]} e6 {[%emt 0:06:05]} 2. c4 {[%emt 0:00:07]} Nf6 {[%emt 0:00:06]} 3. Nc3 {[%emt 0:00:06]} c5 {[%emt 0:00:05]} 4. d5 {[%emt 0:00:05]} exd5 {[%emt 0:00:06]} 5. cxd5 {[%emt 0:00:06]} d6 {[%emt 0:00:05]} 6. e4 {[%emt 0:00:07]} g6 {[%emt 0:00:06]} 7. h3 {[%emt 0:00:11]} Bg7 {[%emt 0:00:05]} 8. Nf3 {[%emt 0:00:06]} O-O {[%emt 0:00:06]} 9. Bd3 {[%emt 0:00:05]} b5 {[%emt 0:00:05]} 10. Nxb5 {[%emt 0:00:11]} Re8 {[%emt 0:00:06]} 11. Nd2 {[%emt 0:00:09]} Nxe4 {[%emt 0:00:06]} 12. Bxe4 {[%emt 0:00:06]} Ba6 {[%emt 0:00:05]} 13. a4 {[%emt 0:00:16]} Qa5 {[%emt 0:00:06]} 14. O-O {[%emt 0:02:58]} Bxb5 {[%emt 0:00:06]} 15. Re1 {[%emt 0:00:12]} Ba6 {[%emt 0:00:05]} 16. Rb1 {[%emt 0:00:44]} Nd7 {[%emt 0:00:20]} 17. b3 {[%emt 0:00:06]} f5 {[%emt 0:01:28]} 18. Bf3 {[%emt 0:00:24]} Bd3 {[%emt 0:00:17]} 19. Rb2 {[%emt 0:00:17]} Ne5 {[%emt 0:00:34]} 20. Ra2 {[%emt 0:00:10]} Ba6 {[%emt 0:00:19]} 21. Be2 {[%emt 0:00:05]} Nd3 {[%emt 0:00:51]} 22. Bxd3 {[%emt 0:00:06]} Bxd3 {[%emt 0:00:07]} 23. Rxe8+ {[%emt 0:00:08]} Rxe8 {[%emt 0:00:06]} 24. Nf3 {[%emt 0:00:06]} Be4 {[%emt 0:00:08]} 25. Be3 {[%emt 0:00:05]} Qc7 {[%emt 0:00:16]} 26. Re2 {[%emt 0:00:06]} Qf7 {[%emt 0:00:05]} 27. Nd2 {[%emt 0:00:07]} Bd3 {[%emt 0:00:06]} 28. Re1 {[%emt 0:00:05]} 0-1

[Event "Redbull chessmasters 2019"]
[Site "Istambul"]
[Date "2019.11.24"]
[Round "4.1"]
[White "Aliakbarov, Anar"]
[Black "Alaz, Ahmet Efekan"]
[Result "1-0"]
[WhiteElo "2219"]
[BlackElo "2288"]
[Annotator "NA"]
[PlyCount "61"]
[EventDate "2019.11.23"]
[EventType "k.o."]
[EventCountry "TUR"]
[SourceTitle "playchess.com"]
[Source "ChessBase"]
[SourceQuality "1"]
[TimeControl "600+5"]

1. d4 {[%emt 0:00:00]} d5 {[%emt 0:00:00]} 2. c4 {[%emt 0:00:03]} c6 {[%emt 0:00:05]} 3. Nf3 {[%emt 0:00:05]} Nf6 {[%emt 0:00:05]} 4. e3 {[%emt 0:00:05]} a6 {[%emt 0:00:05]} 5. Qc2 {[%emt 0:00:05]} g6 {[%emt 0:00:05]} 6. Bd3 {[%emt 0:00:05]} Bg7 {[%emt 0:00:00]} 7. Nc3 {[%emt 0:00:00]} O-O {[%emt 0:00:00]} 8. O-O {[%emt 0:00:00]} b5 {[%emt 0:00:12]} 9. b3 {[%emt 0:00:00]} Nbd7 {[%emt 0:00:33]} 10. Bb2 {[%emt 0:00:01]} Bb7 {[%emt 0:00:28]} 11. Rad1 {[%emt 0:00:13]} Rc8 {[%emt 0:00:48]} 12. h3 {[%emt 0:01:53]} Re8 {[%emt 0:01:33]} 13. Ne5 {[%emt 0:00:36]} Nxe5 {[%emt 0:01:14]} 14. dxe5 {[%emt 0:00:05]} Nd7 {[%emt 0:00:05]} 15. f4 {[%emt 0:00:17]} Qb6 {[%emt 0:00:20]} 16. Qe2 {[%emt 0:00:38]} Nc5 {[%emt 0:01:23]} 17. cxd5 {[%emt 0:00:01]} cxd5 {[%emt 0:00:15]} 18. Bb1 {[%emt 0:00:02]} Red8 {[%emt 0:00:44]} 19. Qf2 {[%emt 0:01:03]} b4 {[%emt 0:00:29]} 20. Ne2 {[%emt 0:00:02]} Ne4 {[%emt 0:00:58]} 21. Bxe4 {[%emt 0:00:05]} dxe4 {[%emt 0:00:00]} 22. Nd4 {[%emt 0:00:11]} e6 {[%emt 0:01:03]} 23. g4 {[%emt 0:01:07]} Rf8 {[%emt 0:00:49]} 24. Rd2 {[%emt 0:00:42]} Rcd8 {[%emt 0:00:11]} 25. Qg3 {[%emt 0:00:07]} Qa5 {[%emt 0:00:06]} 26. Ba1 {[%emt 0:01:12]} Rc8 {[%emt 0:00:16]} 27. h4 {[%emt 0:00:10]} Rc5 {[%emt 0:00:20]} 28. h5 {[%emt 0:00:11]} Rfc8 {[%emt 0:00:02]} 29. Bb2 {[%emt 0:00:52]} Qb6 {[%emt 0:00:04]} 30. hxg6 {[%emt 0:00:14]} hxg6 {[%emt 0:00:08]} 31. Rh2 {[%emt 0:00:19]} 1-0

[Event "Redbull chessmasters 2019"]
[Site "Istambul"]
[Date "2019.11.24"]
[Round "4.2"]
[White "Cingoz, Ozan"]
[Black "Eren, Ataberk"]
[Result "0-1"]
[WhiteElo "2031"]
[BlackElo "2284"]
[Annotator "NA"]
[PlyCount "100"]
[EventDate "2019.11.23"]
[EventType "k.o."]
[EventCountry "TUR"]
[SourceTitle "playchess.com"]
[Source "ChessBase"]
[SourceQuality "1"]
[TimeControl "600+5"]

1. d4 {[%emt 0:00:00]} Nf6 {[%emt 0:00:00]} 2. Nf3 {[%emt 0:00:02]} e6 {[%emt 0:00:11]} 3. Bf4 {[%emt 0:00:00]} b6 {[%emt 0:00:05]} 4. Nbd2 {[%emt 0:00:14]} Bb7 {[%emt 0:00:07]} 5. e3 {[%emt 0:00:05]} Be7 {[%emt 0:00:02]} 6. h3 {[%emt 0:00:23]} d5 {[%emt 0:00:26]} 7. Bd3 {[%emt 0:00:05]} c5 {[%emt 0:00:05]} 8. c3 {[%emt 0:00:04]} Nc6 {[%emt 0:00:02]} 9. O-O {[%emt 0:00:02]} O-O {[%emt 0:00:01]} 10. Ne5 {[%emt 0:00:26]} Nxe5 {[%emt 0:00:04]} 11. dxe5 {[%emt 0:00:26]} Nd7 {[%emt 0:00:03]} 12. Nf3 {[%emt 0:00:04]} f5 {[%emt 0:00:39]} 13. exf6 {[%emt 0:00:25]} Bxf6 {[%emt 0:00:09]} 14. Qc2 {[%emt 0:01:08]} e5 {[%emt 0:00:55]} 15. Bxh7+ {[%emt 0:00:05]} Kh8 {[%emt 0:00:08]} 16. Qg6 {[%emt 0:00:22]} Qe8 {[%emt 0:00:09]} 17. Bg3 {[%emt 0:00:25]} Qxg6 {[%emt 0:01:01]} 18. Bxg6 {[%emt 0:00:05]} e4 {[%emt 0:00:01]} 19. Nh4 {[%emt 0:01:33]} Bxh4 {[%emt 0:04:16]} 20. Bxh4 {[%emt 0:00:03]} Ne5 {[%emt 0:00:08]} 21. Bh5 {[%emt 0:00:01]} Ba6 {[%emt 0:00:01]} 22. Rfd1 {[%emt 0:00:27]} Bd3 {[%emt 0:00:02]} 23. Bg3 {[%emt 0:01:32]} Rf5 {[%emt 0:00:08]} 24. Bxe5 {[%emt 0:00:08]} Rxh5 {[%emt 0:00:19]} 25. Bg3 {[%emt 0:00:10]} Kg8 {[%emt 0:00:29]} 26. Rd2 {[%emt 0:00:05]} Kf7 {[%emt 0:00:01]} 27. Rad1 {[%emt 0:00:56]} c4 {[%emt 0:00:01]} 28. Ra1 {[%emt 0:00:57]} Rc8 {[%emt 0:00:14]} 29. a4 {[%emt 0:00:28]} Rc5 {[%emt 0:01:25]} 30. Bd6 {[%emt 0:00:51]} Rc6 {[%emt 0:00:01]} 31. Bg3 {[%emt 0:00:11]} a6 {[%emt 0:00:19]} 32. Ra3 {[%emt 0:00:21]} Ke6 {[%emt 0:00:22]} 33. b3 {[%emt 0:00:05]} cxb3 {[%emt 0:00:19]} 34. Rxb3 {[%emt 0:00:05]} Rh8 {[%emt 0:00:05]} 35. Rdb2 {[%emt 0:00:05]} b5 {[%emt 0:00:05]} 36. axb5 {[%emt 0:00:05]} Bxb5 {[%emt 0:00:05]} 37. Rb1 {[%emt 0:00:05]} Rhc8 {[%emt 0:00:05]} 38. Rc1 {[%emt 0:00:05]} g5 {[%emt 0:00:05]} 39. f3 {[%emt 0:00:11]} Rf8 {[%emt 0:00:11]} 40. f4 {[%emt 0:00:05]} gxf4 {[%emt 0:00:05]} 41. Bxf4 {[%emt 0:00:01]} Rc4 {[%emt 0:00:06]} 42. Rb4 {[%emt 0:00:13]} Rc6 {[%emt 0:00:11]} 43. g4 {[%emt 0:00:12]} Rfc8 {[%emt 0:00:05]} 44. Rb3 {[%emt 0:00:07]} Rh8 {[%emt 0:00:02]} 45. Kg2 {[%emt 0:00:02]} Rc4 {[%emt 0:00:19]} 46. Kg3 {[%emt 0:00:05]} Ra4 {[%emt 0:00:00]} 47. h4 {[%emt 0:00:14]} Ra2 {[%emt 0:00:00]} 48. h5 {[%emt 0:00:03]} Rg8 {[%emt 0:00:03]} 49. g5 {[%emt 0:00:02]} Kf5 {[%emt 0:00:03]} 50. Rf1 {[%emt 0:00:05]} Bxf1 {[%emt 0:00:02]} 0-1

[Event "Redbull chessmasters 2019"]
[Site "Istambul"]
[Date "2019.11.24"]
[Round "4.3"]
[White "Kesgin, Halit Kaan"]
[Black "Can, Melih Kaan"]
[Result "1-0"]
[WhiteElo "2061"]
[BlackElo "2138"]
[Annotator "NA"]
[PlyCount "181"]
[EventDate "2019.11.23"]
[EventType "k.o."]
[EventCountry "TUR"]
[SourceTitle "playchess.com"]
[Source "ChessBase"]
[SourceQuality "1"]
[TimeControl "600+5"]

1. e4 {[%emt 0:00:00]} c5 {[%emt 0:00:00]} 2. Nf3 {[%emt 0:00:04]} Nc6 {[%emt 0:00:06]} 3. Bb5 {[%emt 0:00:04]} d6 {[%emt 0:00:05]} 4. O-O {[%emt 0:00:05]} Bd7 {[%emt 0:00:00]} 5. Re1 {[%emt 0:00:16]} Nf6 {[%emt 0:00:36]} 6. c3 {[%emt 0:00:31]} a6 {[%emt 0:00:03]} 7. Bf1 {[%emt 0:00:08]} Bg4 {[%emt 0:00:02]} 8. h3 {[%emt 0:00:21]} Bxf3 {[%emt 0:00:05]} 9. Qxf3 {[%emt 0:00:05]} g6 {[%emt 0:00:00]} 10. d3 {[%emt 0:00:43]} Bg7 {[%emt 0:00:04]} 11. Nd2 {[%emt 0:00:05]} O-O {[%emt 0:00:00]} 12. g4 {[%emt 0:01:01]} b5 {[%emt 0:00:09]} 13. Bg2 {[%emt 0:00:24]} Nd7 {[%emt 0:00:06]} 14. Qe2 {[%emt 0:00:51]} Qc7 {[%emt 0:00:24]} 15. a3 {[%emt 0:00:37]} Rab8 {[%emt 0:00:33]} 16. f4 {[%emt 0:00:43]} a5 {[%emt 0:00:19]} 17. Nf3 {[%emt 0:00:05]} b4 {[%emt 0:00:01]} 18. Qc2 {[%emt 0:00:21]} bxc3 {[%emt 0:00:41]} 19. bxc3 {[%emt 0:00:02]} Qb6 {[%emt 0:00:15]} 20. Bd2 {[%emt 0:01:02]} Qb3 {[%emt 0:00:16]} 21. Qc1 {[%emt 0:00:01]} Qb2 {[%emt 0:00:24]} 22. Rb1 {[%emt 0:00:40]} Qxc1 {[%emt 0:00:42]} 23. Rexc1 {[%emt 0:00:05]} a4 {[%emt 0:00:02]} 24. e5 {[%emt 0:01:31]} dxe5 {[%emt 0:01:45]} 25. fxe5 {[%emt 0:00:07]} Ncxe5 {[%emt 0:00:10]} 26. Nxe5 {[%emt 0:00:10]} Nxe5 {[%emt 0:00:02]} 27. Be4 {[%emt 0:00:23]} Rb3 {[%emt 0:01:15]} 28. Rxb3 {[%emt 0:00:24]} axb3 {[%emt 0:00:02]} 29. Rb1 {[%emt 0:00:00]} c4 {[%emt 0:00:22]} 30. dxc4 {[%emt 0:01:15]} Nxc4 {[%emt 0:00:33]} 31. Bf4 {[%emt 0:00:02]} e5 {[%emt 0:00:53]} 32. Bd3 {[%emt 0:00:25]} Nxa3 {[%emt 0:01:58]} 33. Rxb3 {[%emt 0:00:05]} exf4 {[%emt 0:00:30]} 34. Rxa3 {[%emt 0:00:00]} Rc8 {[%emt 0:00:05]} 35. c4 {[%emt 0:00:02]} Bd4+ {[%emt 0:00:05]} 36. Kg2 {[%emt 0:00:05]} Kg7 {[%emt 0:00:05]} 37. Kf3 {[%emt 0:00:05]} Be3 {[%emt 0:00:05]} 38. Rc3 {[%emt 0:00:04]} Rc5 {[%emt 0:00:04]} 39. Be4 {[%emt 0:00:07]} Kf6 {[%emt 0:00:14]} 40. Bd5 {[%emt 0:00:05]} Rc7 {[%emt 0:00:05]} 41. Ra3 {[%emt 0:00:01]} Ke5 {[%emt 0:00:04]} 42. Ra8 {[%emt 0:00:10]} f5 {[%emt 0:00:07]} 43. Re8+ {[%emt 0:00:06]} Kd4 {[%emt 0:00:06]} 44. gxf5 {[%emt 0:00:11]} gxf5 {[%emt 0:00:05]} 45. Rf8 {[%emt 0:00:05]} Rg7 {[%emt 0:00:05]} 46. Rxf5 {[%emt 0:00:05]} Kd3 {[%emt 0:00:00]} 47. Be4+ {[%emt 0:00:00]} Kxc4 {[%emt 0:00:11]} 48. h4 {[%emt 0:00:09]} Kd4 {[%emt 0:00:04]} 49. Rd5+ {[%emt 0:00:02]} Kc4 {[%emt 0:00:03]} 50. Rg5 {[%emt 0:00:01]} Ra7 {[%emt 0:00:02]} 51. Rh5 {[%emt 0:00:04]} Rg7 {[%emt 0:00:11]} 52. Rg5 {[%emt 0:00:03]} Ra7 {[%emt 0:00:06]} 53. Rh5 {[%emt 0:00:02]} Ra1 {[%emt 0:00:02]} 54. Rxh7 {[%emt 0:00:13]} Rf1+ {[%emt 0:00:02]} 55. Kg4 {[%emt 0:00:01]} Kd4 {[%emt 0:00:01]} 56. Bg2 {[%emt 0:00:13]} Rf2 {[%emt 0:00:16]} 57. Bf3 {[%emt 0:00:01]} Rh2 {[%emt 0:00:05]} 58. h5 {[%emt 0:00:03]} Kc3 {[%emt 0:00:05]} 59. h6 {[%emt 0:00:10]} Kd2 {[%emt 0:00:03]} 60. Rh8 {[%emt 0:00:08]} Ke1 {[%emt 0:00:05]} 61. Be4 {[%emt 0:00:02]} Kf2 {[%emt 0:00:08]} 62. h7 {[%emt 0:00:05]} Bd4 {[%emt 0:00:07]} 63. Rd8 {[%emt 0:00:02]} Bc3 {[%emt 0:00:04]} 64. Kxf4 {[%emt 0:00:04]} Ke2 {[%emt 0:00:00]} 65. Rc8 {[%emt 0:00:07]} Kd2 {[%emt 0:00:02]} 66. Kg5 {[%emt 0:00:05]} Rh3 {[%emt 0:00:04]} 67. Bf5 {[%emt 0:00:04]} Rh2 {[%emt 0:00:04]} 68. Bg6 {[%emt 0:00:08]} Rg2+ {[%emt 0:00:06]} 69. Kh6 {[%emt 0:00:01]} Rh2+ {[%emt 0:00:05]} 70. Bh5 {[%emt 0:00:06]} Bb2 {[%emt 0:00:01]} 71. Rd8+ {[%emt 0:00:05]} Ke3 {[%emt 0:00:08]} 72. h8=Q {[%emt 0:00:08]} Bxh8 {[%emt 0:00:04]} 73. Rxh8 {[%emt 0:00:00]} Kd4 {[%emt 0:00:03]} 74. Re8 {[%emt 0:00:06]} Kc5 {[%emt 0:00:09]} 75. Kg5 {[%emt 0:00:07]} Rd2 {[%emt 0:00:05]} 76. Rc8+ {[%emt 0:00:06]} Kd4 {[%emt 0:00:03]} 77. Kf4 {[%emt 0:00:02]} Rb2 {[%emt 0:00:14]} 78. Rd8+ {[%emt 0:00:07]} Kc5 {[%emt 0:00:00]} 79. Ke5 {[%emt 0:00:03]} Kb4 {[%emt 0:00:10]} 80. Rc8 {[%emt 0:00:08]} Ka3 {[%emt 0:00:04]} 81. Bf3 {[%emt 0:00:10]} Rb4 {[%emt 0:00:04]} 82. Bd5 {[%emt 0:00:05]} Kb2 {[%emt 0:00:02]} 83. Be4 {[%emt 0:00:06]} Rb6 {[%emt 0:00:03]} 84. Kd4 {[%emt 0:00:04]} Rb4+ {[%emt 0:00:02]} 85. Kd3 {[%emt 0:00:03]} Rb6 {[%emt 0:00:03]} 86. Bd5 {[%emt 0:00:06]} Rb4 {[%emt 0:00:02]} 87. Rc2+ {[%emt 0:00:05]} Kb1 {[%emt 0:00:05]} 88. Rh2 {[%emt 0:00:04]} Rb8 {[%emt 0:00:18]} 89. Kc3 {[%emt 0:00:06]} Rc8+ {[%emt 0:00:08]} 90. Bc4 {[%emt 0:00:02]} Ka1 {[%emt 0:00:07]} 91. Rh1# {[%emt 0:00:10]} 1-0

[Event "Redbull chessmasters 2019"]
[Site "Istambul"]
[Date "2019.11.24"]
[Round "4.4"]
[White "Yanik, Sural Emine"]
[Black "Yildiz Kadioglu, Betul Cemre"]
[Result "0-1"]
[WhiteElo "1834"]
[BlackElo "2338"]
[Annotator "NA"]
[PlyCount "68"]
[EventDate "2019.11.23"]
[EventType "k.o."]
[EventCountry "TUR"]
[SourceTitle "playchess.com"]
[Source "ChessBase"]
[SourceQuality "1"]
[TimeControl "600+5"]

1. d4 {[%emt 0:00:00]} d5 {[%emt 0:00:00]} 2. Nf3 {[%emt 0:00:00]} c5 {[%emt 0:00:03]} 3. c3 {[%emt 0:00:00]} e6 {[%emt 0:00:09]} 4. Bg5 {[%emt 0:00:34]} Qb6 {[%emt 0:00:17]} 5. Qb3 {[%emt 0:00:27]} Nc6 {[%emt 0:00:52]} 6. e3 {[%emt 0:00:01]} Bd6 {[%emt 0:00:35]} 7. Nbd2 {[%emt 0:00:30]} Nge7 {[%emt 0:00:33]} 8. Be2 {[%emt 0:00:53]} Nf5 {[%emt 0:00:24]} 9. O-O {[%emt 0:00:24]} h6 {[%emt 0:00:04]} 10. dxc5 {[%emt 0:00:38]} Qxc5 {[%emt 0:00:52]} 11. Bf4 {[%emt 0:00:37]} Bxf4 {[%emt 0:00:54]} 12. exf4 {[%emt 0:00:00]} O-O {[%emt 0:00:15]} 13. Bd3 {[%emt 0:00:37]} Ne3 {[%emt 0:01:19]} 14. Rfe1 {[%emt 0:00:39]} Ng4 {[%emt 0:00:01]} 15. Rf1 {[%emt 0:01:09]} b6 {[%emt 0:00:02]} 16. c4 {[%emt 0:00:06]} Nb4 {[%emt 0:01:28]} 17. cxd5 {[%emt 0:01:15]} Nxd5 {[%emt 0:00:08]} 18. Rac1 {[%emt 0:00:21]} Qe7 {[%emt 0:00:02]} 19. Be4 {[%emt 0:00:23]} Bb7 {[%emt 0:00:16]} 20. g3 {[%emt 0:00:06]} Rfd8 {[%emt 0:00:20]} 21. Bb1 {[%emt 0:00:20]} Nb4 {[%emt 0:00:29]} 22. a3 {[%emt 0:00:18]} Na6 {[%emt 0:00:05]} 23. Qc2 {[%emt 0:00:05]} Nf6 {[%emt 0:00:06]} 24. b4 {[%emt 0:00:12]} Rac8 {[%emt 0:00:11]} 25. Qb3 {[%emt 0:00:01]} Nc7 {[%emt 0:00:25]} 26. Rfe1 {[%emt 0:00:11]} Qd7 {[%emt 0:00:28]} 27. Rcd1 {[%emt 0:00:09]} Bd5 {[%emt 0:00:17]} 28. Qd3 {[%emt 0:00:12]} Qb5 {[%emt 0:00:11]} 29. Qxb5 {[%emt 0:00:12]} Nxb5 {[%emt 0:00:02]} 30. Ne5 {[%emt 0:01:12]} Nc3 {[%emt 0:00:03]} 31. f5 {[%emt 0:00:37]} Nxd1 {[%emt 0:00:10]} 32. Rxd1 {[%emt 0:00:05]} exf5 {[%emt 0:00:03]} 33. Bxf5 {[%emt 0:00:19]} Be6 {[%emt 0:00:05]} 34. Bxe6 {[%emt 0:00:05]} fxe6 {[%emt 0:00:00]} 0-1

[Event "Redbull chessmasters 2019"]
[Site "Istambul"]
[Date "2019.11.24"]
[Round "4.5"]
[White "Kilic, Efe Mert"]
[Black "Inan, Canberk"]
[Result "1-0"]
[WhiteElo "2247"]
[BlackElo "1941"]
[Annotator "NA"]
[PlyCount "97"]
[EventDate "2019.11.23"]
[EventType "k.o."]
[EventCountry "TUR"]
[SourceTitle "playchess.com"]
[Source "ChessBase"]
[SourceQuality "1"]
[TimeControl "600+5"]

1. e4 {[%emt 0:00:00]} c5 {[%emt 0:00:00]} 2. Nf3 {[%emt 0:00:00]} e6 {[%emt 0:00:05]} 3. b3 {[%emt 0:00:04]} Nc6 {[%emt 0:00:05]} 4. Bb2 {[%emt 0:00:05]} d5 {[%emt 0:00:00]} 5. Bb5 {[%emt 0:00:00]} a6 {[%emt 0:00:27]} 6. Bxc6+ {[%emt 0:00:16]} bxc6 {[%emt 0:00:01]} 7. Nc3 {[%emt 0:00:29]} Nf6 {[%emt 0:00:26]} 8. O-O {[%emt 0:00:03]} d4 {[%emt 0:00:16]} 9. Na4 {[%emt 0:00:03]} Nxe4 {[%emt 0:00:27]} 10. Re1 {[%emt 0:00:00]} Nf6 {[%emt 0:00:04]} 11. c3 {[%emt 0:00:01]} d3 {[%emt 0:01:28]} 12. Ne5 {[%emt 0:00:05]} Bd6 {[%emt 0:00:11]} 13. Qf3 {[%emt 0:00:03]} Qc7 {[%emt 0:00:50]} 14. Nxd3 {[%emt 0:00:46]} Bxh2+ {[%emt 0:00:20]} 15. Kh1 {[%emt 0:00:05]} Bd6 {[%emt 0:00:08]} 16. Naxc5 {[%emt 0:00:38]} Bxc5 {[%emt 0:01:24]} 17. Nxc5 {[%emt 0:00:01]} h5 {[%emt 0:00:15]} 18. Kg1 {[%emt 0:04:36]} Ng4 {[%emt 0:00:35]} 19. g3 {[%emt 0:00:53]} Rh6 {[%emt 0:00:31]} 20. c4 {[%emt 0:00:11]} Rg6 {[%emt 0:00:16]} 21. Re4 {[%emt 0:00:48]} f5 {[%emt 0:01:41]} 22. Qxf5 {[%emt 0:00:09]} Qf7 {[%emt 0:00:38]} 23. Qxf7+ {[%emt 0:00:11]} Kxf7 {[%emt 0:00:01]} 24. Rae1 {[%emt 0:00:42]} h4 {[%emt 0:00:06]} 25. Rf4+ {[%emt 0:00:48]} Kg8 {[%emt 0:00:18]} 26. Ree4 {[%emt 0:00:37]} e5 {[%emt 0:00:55]} 27. Bxe5 {[%emt 0:00:05]} h3 {[%emt 0:00:05]} 28. Bd4 {[%emt 0:00:05]} Nf6 {[%emt 0:00:05]} 29. Bxf6 {[%emt 0:00:05]} gxf6 {[%emt 0:00:05]} 30. Re8+ {[%emt 0:00:05]} Kf7 {[%emt 0:00:05]} 31. Rfe4 {[%emt 0:00:05]} Rg5 {[%emt 0:00:05]} 32. R4e7+ {[%emt 0:00:05]} Kg6 {[%emt 0:00:05]} 33. Ne4 {[%emt 0:00:05]} Ra5 {[%emt 0:00:37]} 34. Rc7 {[%emt 0:00:18]} Bf5 {[%emt 0:00:05]} 35. Rxa8 {[%emt 0:00:05]} Bxe4 {[%emt 0:00:05]} 36. Rg8+ {[%emt 0:00:05]} Kf5 {[%emt 0:00:02]} 37. a4 {[%emt 0:00:13]} Re5 {[%emt 0:00:05]} 38. d4 {[%emt 0:00:05]} Re6 {[%emt 0:00:00]} 39. Kh2 {[%emt 0:00:12]} Bg2 {[%emt 0:00:01]} 40. Rh8 {[%emt 0:00:04]} Re1 {[%emt 0:00:03]} 41. Rxh3 {[%emt 0:00:05]} Bf3 {[%emt 0:00:07]} 42. g4+ {[%emt 0:00:05]} Kf4 {[%emt 0:00:08]} 43. Rxf3+ {[%emt 0:00:03]} Kxf3 {[%emt 0:00:00]} 44. Rxc6 {[%emt 0:00:01]} Re4 {[%emt 0:00:19]} 45. Rxf6+ {[%emt 0:00:02]} Ke2 {[%emt 0:00:00]} 46. Kg3 {[%emt 0:00:11]} Rxd4 {[%emt 0:00:03]} 47. g5 {[%emt 0:00:05]} Rd3+ {[%emt 0:00:00]} 48. f3 {[%emt 0:00:02]} Rd1 {[%emt 0:00:05]} 49. Re6+ {[%emt 0:00:01]} 1-0

[Event "Redbull chessmasters 2019"]
[Site "Istambul"]
[Date "2019.11.24"]
[Round "4.6"]
[White "Ozdemir, Serhan Berat"]
[Black "Tarlabasi, Emirhan"]
[Result "0-1"]
[WhiteElo "2096"]
[BlackElo "2316"]
[Annotator "NA"]
[PlyCount "62"]
[EventDate "2019.11.23"]
[EventType "k.o."]
[EventCountry "TUR"]
[SourceTitle "playchess.com"]
[Source "ChessBase"]
[SourceQuality "1"]
[TimeControl "600+5"]

1. e4 {[%emt 0:00:00]} e6 {[%emt 0:00:00]} 2. d4 {[%emt 0:00:05]} d5 {[%emt 0:00:05]} 3. Nd2 {[%emt 0:00:00]} Be7 {[%emt 0:00:00]} 4. Ngf3 {[%emt 0:00:00]} Nf6 {[%emt 0:00:03]} 5. e5 {[%emt 0:00:03]} Nfd7 {[%emt 0:00:05]} 6. Bd3 {[%emt 0:00:05]} c5 {[%emt 0:00:05]} 7. c3 {[%emt 0:00:05]} Nc6 {[%emt 0:00:05]} 8. O-O {[%emt 0:00:00]} a6 {[%emt 0:00:01]} 9. Re1 {[%emt 0:01:27]} b5 {[%emt 0:01:02]} 10. Nf1 {[%emt 0:00:07]} cxd4 {[%emt 0:00:27]} 11. cxd4 {[%emt 0:00:02]} Qb6 {[%emt 0:00:18]} 12. Be3 {[%emt 0:00:35]} a5 {[%emt 0:00:15]} 13. Rc1 {[%emt 0:00:17]} Ba6 {[%emt 0:00:00]} 14. Ng3 {[%emt 0:00:00]} g6 {[%emt 0:00:28]} 15. h4 {[%emt 0:00:40]} h6 {[%emt 0:00:58]} 16. Ne2 {[%emt 0:00:50]} O-O-O {[%emt 0:00:48]} 17. a4 {[%emt 0:01:00]} b4 {[%emt 0:00:44]} 18. Nf4 {[%emt 0:00:59]} Kb7 {[%emt 0:00:15]} 19. Bxa6+ {[%emt 0:00:47]} Qxa6 {[%emt 0:00:10]} 20. Nd3 {[%emt 0:00:11]} Rdg8 {[%emt 0:00:37]} 21. Qe2 {[%emt 0:00:20]} g5 {[%emt 0:01:01]} 22. h5 {[%emt 0:00:04]} Rc8 {[%emt 0:00:27]} 23. Nd2 {[%emt 0:00:01]} Rc7 {[%emt 0:01:15]} 24. Nb3 {[%emt 0:00:40]} Rhc8 {[%emt 0:00:04]} 25. Ndc5+ {[%emt 0:00:51]} Nxc5 {[%emt 0:00:30]} 26. Nxc5+ {[%emt 0:00:04]} Bxc5 {[%emt 0:00:02]} 27. Rxc5 {[%emt 0:00:48]} Qxe2 {[%emt 0:00:05]} 28. Rxe2 {[%emt 0:00:00]} Rf8 {[%emt 0:01:59]} 29. Rec2 {[%emt 0:00:45]} f5 {[%emt 0:00:18]} 30. f4 {[%emt 0:01:09]} g4 {[%emt 0:00:07]} 31. Bf2 {[%emt 0:00:17]} Rff7 {[%emt 0:00:13]} 0-1